[Event "GER-ch NSV Online 1st"]
[Site "Playchess.com INT"]
[Date "2020.04.26"]
[Round "1"]
[White "Rachut, Steffen"]
[Black "Hilck, Joerg"]
[Result "1-0"]
[WhiteElo "2118"]
[BlackElo "1828"]
[PlyCount "78"]
[EventDate "2020.04.26"]
[EventType "swiss (blitz)"]
[EventRounds "13"]
[EventCountry "GER"]
[SourceTitle "CBM 196 Extra"]
[Source "ChessBase"]
[SourceDate "2020.07.31"]
[SourceVersion "1"]
[SourceVersionDate "2020.07.31"]
[SourceQuality "1"]

1. e4 c6 2. Nf3 d5 3. exd5 cxd5 4. Ne5 Nd7 5. d4 e6 6. Bb5 a6 7. Bd3 Ngf6 8. 0-0 Be7 9. f4 0-0 10. Qe2 Qb6 11. c3 Qc7 12. Nd2 b5 13. a3 Nb6 14. Ndf3 Bb7 15. g4 Nc4 16. f5 exf5 17. Bxf5 g6 18. Bd3 Ne4 19. Bh6 Rfe8 20. Qg2 Bd6 21. Bf4 f6 22. Nxc4 bxc4 23. Bxd6 Qxd6 24. Bc2 Bc8 25. Rae1 f5 26. h3 fxg4 27. hxg4 Qe6 28. Ne5 Ng5 29. Re3 Qb6 30. Bb1 Ne4 31. Rff3 Rxe5 32. dxe5 Ng5 33. Rg3 d4 34. cxd4 Qxd4 35. Qxa8 Qd1+ 36. Kh2 Qd2+ 37. Qg2 Qd4 38. Re2 Qd5 39. Qxd5+ Be6 1-0

[Event "Oberliga Nord W 0708"]
[Site "Germany"]
[Date "2008.04.20"]
[Round "9.8"]
[White "Ohse, Andreas"]
[Black "Rachut, Steffen"]
[Result "0-1"]
[WhiteElo "2131"]
[BlackElo "2113"]
[PlyCount "110"]
[EventDate "2007.10.21"]
[EventType "team-tourn"]
[EventRounds "9"]
[EventCountry "GER"]
[SourceTitle "EXT 2009"]
[Source "ChessBase"]
[SourceDate "2008.11.26"]
[SourceVersion "1"]
[SourceVersionDate "2008.11.26"]
[SourceQuality "1"]
[WhiteTeam "Delmenhorst"]
[BlackTeam "Nordhorn Blanke"]
[WhiteTeamCountry "GER"]
[BlackTeamCountry "GER"]

1. Nf3 Nf6 2. g3 g6 3. Bg2 Bg7 4. 0-0 0-0 5. c4 d6 6. d4 c5 7. Nc3 Nbd7 8. b3 Rb8 9. Bb2 a6 10. Rc1 b5 11. dxc5 dxc5 12. Nd2 Qa5 13. Rc2 Rd8 14. Qa1 Bb7 15. Bxb7 Rxb7 16. Nd5 Nxd5 17. Bxg7 f6 18. Bh6 Nb4 19. Qc3 Qb6 20. Rb2 Nc6 21. Be3 b4 22. Qc2 Nde5 23. h3 Rbd7 24. f4 Nf7 25. Nf3 Nd4 26. Nxd4 cxd4 27. Bf2 Qc5 28. Qd3 Qh5 29. g4 Qh6 30. Qd2 Qxh3 31. g5 Qg4+ 32. Kh1 fxg5 33. fxg5 Nxg5 34. Qd3 Ne4 35. Be1 Rc8 36. Qf3 Qxf3+ 37. Rxf3 a5 38. a3 Nc3 39. axb4 axb4 40. Rd2 e5 41. e3 Ra8 42. exd4 exd4 43. Kg2 Ra3 44. Bf2 Ra2 45. Rfd3 Rxd2 46. Rxd2 d3 47. c5 Ne4 48. c6 Rf7 49. Ra2 Nxf2 50. Ra8+ Kg7 51. Rd8 Ne4 52. Rxd3 Rf2+ 53. Kg1 Rc2 54. Rd7+ Kh6 55. Rd4 Nf6 0-1

[Event "Oberliga Nord W 0708"]
[Site "Germany"]
[Date "2007.10.21"]
[Round "1.8"]
[White "Rachut, Steffen"]
[Black "Hampel, Felix"]
[Result "1-0"]
[WhiteElo "2113"]
[BlackElo "1941"]
[PlyCount "51"]
[EventDate "2007.10.21"]
[EventType "team-tourn"]
[EventRounds "9"]
[EventCountry "GER"]
[SourceTitle "EXT 2009"]
[Source "ChessBase"]
[SourceDate "2008.11.26"]
[SourceVersion "1"]
[SourceVersionDate "2008.11.26"]
[SourceQuality "1"]
[WhiteTeam "Nordhorn Blanke"]
[BlackTeam "Hannover Post"]
[WhiteTeamCountry "GER"]
[BlackTeamCountry "GER"]

1. e4 c5 2. Nf3 e6 3. d3 Nc6 4. g3 g6 5. Bg5 Qb6 6. Qc1 Bg7 7. c3 Nge7 8. Na3 d5 9. Bg2 0-0 10. 0-0 Qa6 11. Rd1 b5 12. e5 f6 13. exf6 Bxf6 14. c4 b4 15. Nb5 Qb6 16. Re1 Bxg5 17. Qxg5 Qb8 18. Qh6 Nf5 19. Qh3 a6 20. Ng5 Qb7 21. Nxe6 Bxe6 22. Rxe6 Rac8 23. Bxd5 Kg7 24. Nd6 Nxd6 25. Rxd6 Rc7 26. Bxc6 1-0

[Event "Werther Schloss op-A 12th"]
[Site "Werther"]
[Date "2006.04.07"]
[Round "3"]
[White "Rachut, Steffen"]
[Black "Kruse, Herbert"]
[Result "0-1"]
[WhiteElo "2095"]
[BlackElo "2245"]
[PlyCount "82"]
[EventDate "2006.04.06"]
[EventType "swiss"]
[EventRounds "7"]
[EventCountry "GER"]
[SourceTitle "CBM 111 Extra"]
[Source "ChessBase"]
[SourceDate "2006.05.09"]
[SourceVersion "1"]
[SourceVersionDate "2006.05.09"]
[SourceQuality "1"]

1. e4 c6 2. Nf3 d5 3. exd5 cxd5 4. Ne5 Nd7 5. d4 g6 6. c3 Bg7 7. Bb5 Ngf6 8. f4 0-0 9. Nd2 Qb6 10. Qe2 Nxe5 11. fxe5 Bg4 12. Nf3 Ne4 13. Bd3 f6 14. exf6 exf6 15. 0-0 Rfe8 16. Qc2 Rac8 17. Qb3 Qxb3 18. axb3 a6 19. Ra5 Rcd8 20. Re1 Kf8 21. Kf1 Bf5 22. Rd1 g5 23. c4 Be6 24. Be3 Bf7 25. Re1 h6 26. g3 f5 27. Kg2 Kg8 28. Bg1 Bf8 29. Rc1 Bb4 30. Rxd5 Bxd5 31. cxd5 Bd6 32. Ne5 Bxe5 33. dxe5 Rxe5 34. Bb6 Rdxd5 35. Bc4 Kh7 36. Bxd5 Rxd5 37. Rc7+ Kg6 38. Rxb7 Rd2+ 39. Kf3 Rd3+ 40. Ke2 Rxb3 41. g4 fxg4 0-1

[Event "Oberliga Nord W 0506"]
[Site "Germany"]
[Date "2006.03.12"]
[Round "8.7"]
[White "Martschausky, Thomas"]
[Black "Rachut, Steffen"]
[Result "1/2-1/2"]
[WhiteElo "2205"]
[BlackElo "2081"]
[PlyCount "44"]
[EventDate "2005.10.23"]
[EventType "team-tourn"]
[EventRounds "9"]
[EventCountry "GER"]
[SourceTitle "CBM 111 Extra"]
[Source "ChessBase"]
[SourceDate "2006.05.09"]
[SourceVersion "1"]
[SourceVersionDate "2006.05.09"]
[SourceQuality "1"]
[WhiteTeam "Jever"]
[BlackTeam "Nordhorn Blanke"]
[WhiteTeamCountry "GER"]
[BlackTeamCountry "GER"]

1. e4 c5 2. Nf3 d6 3. Bb5+ Bd7 4. Bxd7+ Qxd7 5. 0-0 Nc6 6. c3 Nf6 7. Qe2 e6 8. d4 cxd4 9. cxd4 d5 10. e5 Ne4 11. Nbd2 Nxd2 12. Bxd2 Be7 13. Rfe1 0-0 14. Rad1 Rfc8 15. a3 a5 16. Qd3 h6 17. Rc1 Qc7 18. Qb5 Bd8 19. Re3 Qb6 20. Rb3 Ra6 21. Qd3 Qa7 22. Rb5 a4 1/2-1/2

[Event "Hengelo U20 op"]
[Site "Hengelo"]
[Date "2005.08.11"]
[Round "6"]
[White "Rachut, Steffen"]
[Black "Cornelissen, Philip"]
[Result "1-0"]
[WhiteElo "2081"]
[BlackElo "1799"]
[PlyCount "93"]
[EventDate "2005.08.??"]
[EventType "swiss"]
[EventRounds "9"]
[EventCountry "NED"]
[SourceTitle "CBM 107 Extra"]
[Source "ChessBase"]
[SourceDate "2005.09.01"]
[SourceVersion "1"]
[SourceVersionDate "2005.09.01"]
[SourceQuality "1"]

1. e4 c5 2. Nf3 d6 3. d4 cxd4 4. Nxd4 Nf6 5. Nc3 a6 6. Bg5 e6 7. f4 Be7 8. Qf3 Nbd7 9. 0-0-0 Qc7 10. g4 h6 11. Qh3 Rg8 12. Bxf6 Bxf6 13. Bg2 Nc5 14. Kb1 Bd7 15. Rd2 Ke7 16. Nf5+ Kf8 17. Nxd6 Bc6 18. Rhd1 e5 19. Qh5 Ne6 20. fxe5 g6 21. Qxh6+ Bg7 22. Qe3 Bxe5 23. Ne2 Rd8 24. Nc4 Rxd2 25. Qxd2 Bxh2 26. Qh6+ Ke7 27. Qe3 Be5 28. g5 Bf4 29. Qa3+ Ke8 30. Nxf4 Qxf4 31. Nd6+ Kd7 32. Nxb7+ Kc8 33. Rf1 Qd2 34. Bh3 Bd7 35. Qg3 Nd4 36. Nd6+ Kd8 37. Nb7+ Ke8 38. Nd6+ Kd8 39. Nb7+ Kc8 40. Bxd7+ Kxb7 41. Ba4 Rb8 42. Qd3 Qb4 43. Bb3 Nc6 44. a3 Qc5 45. Qd5 Qe3 46. Rf6 Rc8 47. Ba4 1-0

[Event "Hengelo U20 op"]
[Site "Hengelo"]
[Date "2005.08.09"]
[Round "2"]
[White "Rachut, Steffen"]
[Black "Van Lenthe, Gerwin"]
[Result "1-0"]
[WhiteElo "2081"]
[BlackElo "1540"]
[PlyCount "87"]
[EventDate "2005.08.??"]
[EventType "swiss"]
[EventRounds "9"]
[EventCountry "NED"]
[SourceTitle "CBM 107 Extra"]
[Source "ChessBase"]
[SourceDate "2005.09.01"]
[SourceVersion "1"]
[SourceVersionDate "2005.09.01"]
[SourceQuality "1"]

1. e4 e5 2. Qh5 d6 3. Bc4 Qf6 4. Nc3 g6 5. Qe2 Be6 6. Nf3 Bh6 7. d4 exd4 8. Nb5 Qe7 9. Bxh6 Nxh6 10. 0-0-0 0-0 11. Rhe1 c5 12. h3 a6 13. Na3 b5 14. Bxe6 fxe6 15. Nb1 Nc6 16. Nbd2 Nf7 17. g3 Ng5 18. Nxg5 Qxg5 19. h4 Qf6 20. f4 c4 21. e5 dxe5 22. Ne4 Qd8 23. Qg4 Qe7 24. h5 Qf7 25. Nd6 Qf6 26. Rf1 Rad8 27. Nb7 Rd7 28. Nc5 Re7 29. Qe2 exf4 30. gxf4 Qf5 31. Ne4 Qxh5 32. Qg2 Ref7 33. Ng5 Rxf4 34. Rxf4 Rxf4 35. Nxe6 Qf3 36. Nxf4 Qxf4+ 37. Kb1 Qf6 38. Qd5+ Kf8 39. a3 h5 40. Re1 Ne7 41. Qd7 h4 42. Re6 Qf7 43. Qd8+ Kg7 44. Rxe7 1-0

[Event "Champions Challenge 106th"]
[Site "Playchess.com INT"]
[Date "2005.08.06"]
[Round "1.2"]
[White "Rachut, Steffen"]
[Black "Panarin, Mikhail"]
[Result "0-1"]
[WhiteElo "2081"]
[BlackElo "2486"]
[PlyCount "46"]
[EventDate "2005.08.06"]
[EventType "k.o. (blitz)"]
[EventRounds "5"]
[EventCountry "GER"]
[SourceTitle "EXT 2007"]
[Source "ChessBase"]
[SourceDate "2006.11.23"]
[SourceVersion "1"]
[SourceVersionDate "2006.11.23"]
[SourceQuality "1"]

1. e4 c6 2. d4 d5 3. Nc3 dxe4 4. Nxe4 Bf5 5. Ng3 Bg6 6. Nf3 Nd7 7. h4 h6 8. h5 Bh7 9. Bd3 Bxd3 10. Qxd3 e6 11. Bd2 Ngf6 12. 0-0-0 Be7 13. Qe2 0-0 14. Ne5 c5 15. dxc5 Nxc5 16. Bc3 Qc7 17. f4 Nd5 18. Bd2 Rfc8 19. c3 Na4 20. Qb5 Naxc3 21. Bxc3 Nxc3 22. bxc3 Qxc3+ 23. Kb1 Qxg3 0-1

[Event "GER-ch 3rd Internet Blitz Cand"]
[Site "Playchess.com INT"]
[Date "2005.04.02"]
[Round "12"]
[White "Ottmann, Martin"]
[Black "Rachut, Steffen"]
[Result "0-1"]
[WhiteElo "2142"]
[BlackElo "2068"]
[PlyCount "82"]
[EventDate "2005.04.02"]
[EventType "swiss (blitz)"]
[EventRounds "15"]
[EventCountry "GER"]
[SourceTitle "CBM 105 Extra"]
[Source "ChessBase"]
[SourceDate "2005.05.01"]
[SourceVersion "1"]
[SourceVersionDate "2005.05.01"]
[SourceQuality "1"]

1. d4 Nf6 2. Nf3 g6 3. Bg5 Bg7 4. Nbd2 d6 5. e4 0-0 6. Bc4 h6 7. Bh4 g5 8. Bg3 c6 9. Qe2 b5 10. Bd3 Nbd7 11. e5 Nh5 12. e6 Ndf6 13. exf7+ Rxf7 14. 0-0-0 Qa5 15. Kb1 Nxg3 16. hxg3 Nd5 17. Nb3 Qc7 18. Be4 Nf6 19. Bg6 Rf8 20. Rde1 Nd5 21. Nxg5 hxg5 22. Bh7+ Kh8 23. Nd2 Bxd4 24. Qh5 e6 25. Qxg5 Bg7 26. Ne4 Nf6 27. Nxf6 Rxf6 28. Bg6+ Kg8 29. Qh5 e5 30. f4 Be6 31. fxe5 dxe5 32. Rxe5 Qxe5 33. Qxe5 Rf1+ 34. Rxf1 Bxe5 35. Be4 Bd5 36. Bf3 Rf8 37. c3 Bxg3 38. Kc2 Kg7 39. Kd3 Kg6 40. Bh5+ Kg7 41. Bf3 Bc4+ 0-1

[Event "Niedersachsen-ch U18"]
[Site "Rotenburg/Wuemme"]
[Date "2005.03.20"]
[Round "2"]
[White "Rachut, Steffen"]
[Black "Kaphle, Stephan"]
[Result "1/2-1/2"]
[WhiteElo "2068"]
[BlackElo "1824"]
[PlyCount "83"]
[EventDate "2005.03.19"]
[EventType "swiss"]
[EventRounds "9"]
[EventCountry "GER"]
[SourceTitle "EXT 2007"]
[Source "ChessBase"]
[SourceDate "2006.11.23"]
[SourceVersion "1"]
[SourceVersionDate "2006.11.23"]
[SourceQuality "1"]

1. e4 c5 2. Nf3 e6 3. d3 d6 4. g3 g6 5. Bg2 Bg7 6. 0-0 Nc6 7. c3 Qb6 8. Nbd2 Nge7 9. Nc4 Qc7 10. a4 d5 11. exd5 Nxd5 12. Ng5 0-0 13. Qe2 Nce7 14. h4 h6 15. Ne4 Rd8 16. Be3 b6 17. a5 Rb8 18. axb6 axb6 19. Na3 Nxe3 20. fxe3 Ba6 21. c4 f5 22. Qf3 Rxd3 23. Nf2 Rb3 24. Nb5 Bxb5 25. cxb5 e5 26. Rad1 e4 27. Nxe4 Kh7 28. Nd6 Bd4 29. Nc4 Re8 30. Qf2 Be5 31. g4 Rb4 32. Qc2 Bh2+ 33. Kh1 Qg3 34. gxf5 Qxh4 35. fxg6+ Kg8 36. Rf7 Be5+ 37. Kg1 Rxc4 38. Rxe7 Qh2+ 39. Kf1 Rxc2 40. Bd5+ Kf8 41. Rf7+ Kg8 42. Re7+ 1/2-1/2

[Event "Goch op 15th"]
[Site "Goch"]
[Date "2004.09.30"]
[Round "1"]
[White "Van der Weide, Karel"]
[Black "Rachut, Steffen"]
[Result "1-0"]
[WhiteElo "2457"]
[BlackElo "2029"]
[PlyCount "83"]
[EventDate "2004.09.30"]
[EventType "swiss"]
[EventRounds "7"]
[EventCountry "GER"]
[SourceTitle "EXT 2006"]
[Source "ChessBase"]
[SourceDate "2005.11.24"]
[SourceVersion "1"]
[SourceVersionDate "2005.11.24"]
[SourceQuality "1"]

1. e4 c5 2. Nf3 d6 3. d4 cxd4 4. Nxd4 Nf6 5. Nc3 a6 6. Be3 e5 7. Nb3 Be6 8. f4 Qc7 9. f5 Bc4 10. Qf3 b5 11. 0-0-0 Nbd7 12. Kb1 b4 13. Nd5 Nxd5 14. exd5 a5 15. Bxc4 Qxc4 16. Nd2 Qb5 17. Ne4 Nf6 18. g4 Rc8 19. g5 Nxe4 20. Qxe4 Qc4 21. Rd4 Qc5 22. b3 Qc3 23. Rc1 Be7 24. Rd3 Qc7 25. c3 Qb7 26. c4 f6 27. Qg4 fxg5 28. Qh5+ Kf8 29. c5 Qb5 30. Rc4 Qe8 31. Qg4 h5 32. Qe4 Kf7 33. cxd6 Bxd6 34. Bxg5 Rxc4 35. bxc4 Qc8 36. Be3 Qc7 37. c5 Rc8 38. Rd1 b3 39. axb3 Qb7 40. Qc4 Qd7 41. Ka2 Kf8 42. Qa6 1-0

[Event "Niedersachsen-ch U18"]
[Site "Borkum"]
[Date "2004.04.08"]
[Round "8"]
[White "Rachut, Steffen"]
[Black "Reinkemeier, Tobias"]
[Result "0-1"]
[WhiteElo "1822"]
[BlackElo "1761"]
[PlyCount "78"]
[EventDate "2004.04.??"]
[EventType "swiss"]
[EventRounds "9"]
[EventCountry "GER"]
[SourceTitle "EXT 2005"]
[Source "ChessBase"]
[SourceDate "2004.11.15"]
[SourceVersion "1"]
[SourceVersionDate "2004.11.15"]
[SourceQuality "1"]

1. e4 c5 2. Nf3 d6 3. d4 cxd4 4. Nxd4 Nf6 5. Nc3 a6 6. Bg5 e6 7. f4 Be7 8. Qf3 Qc7 9. 0-0-0 Nbd7 10. g4 b5 11. Bxf6 Nxf6 12. g5 Nd7 13. f5 Nc5 14. f6 gxf6 15. gxf6 Bf8 16. Rg1 Bb7 17. Rg7 b4 18. Nd5 exd5 19. exd5 0-0-0 20. Qh5 Bxg7 21. fxg7 Rhg8 22. Nf5 Rde8 23. Bh3 Kb8 24. Qh6 Re2 25. Nd4 Rxh2 26. Rg1 Bxd5 27. Qxh7 Qc8 28. Qh5 Be4 29. Qh6 Rxh3 30. Qxd6+ Qc7 31. Qf8+ Qc8 32. Qxf7 Rh1 33. Rxh1 Bxh1 34. Qf4+ Ka7 35. Qf7+ Bb7 36. Nc6+ Qxc6 37. Qxg8 Qh6+ 38. Kd1 Bf3+ 39. Ke1 Qe3+ 0-1

[Event "Niedersachsen-ch U18"]
[Site "Borkum"]
[Date "2004.04.04"]
[Round "3"]
[White "Hoolt, Sarah"]
[Black "Rachut, Steffen"]
[Result "1/2-1/2"]
[WhiteElo "1921"]
[BlackElo "1822"]
[PlyCount "70"]
[EventDate "2004.04.??"]
[EventType "swiss"]
[EventRounds "9"]
[EventCountry "GER"]
[SourceTitle "EXT 2005"]
[Source "ChessBase"]
[SourceDate "2004.11.15"]
[SourceVersion "1"]
[SourceVersionDate "2004.11.15"]
[SourceQuality "1"]

1. e4 c5 2. Nf3 d6 3. d4 cxd4 4. Nxd4 Nf6 5. Nc3 a6 6. Be2 e5 7. Nb3 Be6 8. Bg5 Nbd7 9. 0-0 Be7 10. Qd2 b5 11. f3 0-0 12. Bxf6 Nxf6 13. Nd5 Nxd5 14. exd5 Bf5 15. Kh1 Bg5 16. Qd1 Bg6 17. c3 Qb6 18. Qe1 a5 19. h4 Bh6 20. g4 Bf4 21. h5 Bc2 22. Nc1 e4 23. Qf2 Be3 24. Qg2 f5 25. g5 a4 26. f4 Qc5 27. h6 g6 28. Bh5 Bd3 29. Be2 Bxc1 30. Raxc1 Bxe2 31. Qxe2 Qc4 32. Qe3 Rac8 33. a3 Rc5 34. Rfd1 Rc7 35. Rd4 Qc5 1/2-1/2